| 000 | 00674nam a2200193 i 4500 | ||
|---|---|---|---|
| 001 | 49304 | ||
| 003 | ES-MaACL | ||
| 005 | 20250826040242.0 | ||
| 007 | t| | ||
| 008 | 030714s1968 sp ||||1| spa d | ||
| 100 | 1 |
_aCortés Domínguez, Matías. _940883 |
|
| 245 | 1 | 0 |
_aOrdenamiento tributario español _b: Ley General Tributaria / _cMatías Cortés Domínguez ; prólogo de Fernando Sainz de Bujanda. |
| 260 |
_aMadrid : _bTecnos, _c[1968] |
||
| 300 |
_aXXXIX, 549 p. ; _c21 cm. |
||
| 650 | 0 | 4 |
_aDerecho fiscal- _zEspaña _911709 |
| 700 | 1 |
_aSainz de Bujanda, Fernando ( _d1915-1999) _9101580 |
|
| 852 |
_aES-MaACL _jC-35249 _bR.67835 |
||
| 999 |
_c49304 _d49304 |
||